000 01548cam a2200397 i 4500
001 4096
003 FISKH
005 20240606145002.0
008 130314t20132013nyu 000 1 eng
010 _a 2013004580
020 _a9780385349406 (Hardcover)
020 _a0385349408 (Hardcover)
020 _z9780345804716 (Trade Paperback)
020 _z9780385349413 (E-Book)
020 _a9780755358793
040 _aDLC
_beng
_cDLC
_erda
_dDLC
042 _apcc
043 _ae-uk-en
050 0 0 _aPR6065.F36
_bI57 2013
082 0 0 _a823/.914
_223
100 1 _aO'Farrell, Maggie
_d1972-
245 1 0 _aInstructions for a heatwave /
_cMaggie O'Farrell.
264 1 _aLondon :
_bHeadline Publishing Group,
_c2013
300 _a324 pages :
_c25 cm
336 _atext
_2rdacontent
337 _aunmediated
_2rdamedia
338 _avolume
_2rdacarrier
520 _aWhen a recently retired family patriarch clears out his bank account and disappears during a sweltering summer in 1976, his three children converge on their mother's home for the first time in years and track clues to an ancestral village in Ireland, where they uncover illuminating family secrets.
650 0 _aRunaway husbands
_vFiction.
650 0 _aChildren of separated parents
_vFiction.
651 0 _aLondon (England)
_vFiction.
655 0 _aDomestic fiction.
906 _a7
_bcbc
_corignew
_d1
_eecip
_f20
_gy-gencatlg
942 _2ddc
_cBK
_n0
999 _c4096
_d4096